Sports Quiz

Random Sports or Baseball Quiz

2010 Pitchers and Catchers Quiz Stats

 Plays Quiz not verified by Sporcle

Challenge
Share
Tweet
Embed
Score 0/90 Timer 10:00
0 Plays Today
Team Player % Correct
YankeesCC Sabathia
88.4%
YankeesJorge Posada
88%
PhilliesRoy Halladay
88%
YankeesMariano Rivera
86.1%
Red SoxVictor Martinez
85.3%
Red SoxJonathan Papelbon
84.2%
DodgersRussell Martin
82.6%
MetsJohan Santana
81.9%
CardinalsYadier Molina
81.5%
GiantsBengie Molina
81.5%
MetsF. Rodriguez
81.1%
NationalsIvan Rodriguez
81.1%
Red SoxJohn Lester
80.7%
MarlinsJosh Johnson
79.5%
MarinersRob Johnson
79.5%
RedsRamon Hernandez
78%
MarinersFelix Hernandez
78%
GiantsTim Lincecum
76.8%
PhilliesBrad Lidge
74.9%
CardinalsAdam Wainwright
74.9%
CubsCarlos Zambrano
73%
RoyalsZach Greinke
72.6%
BravesBrian McCann
72.2%
TigersJustin Verlander
72.2%
RaysJames Shields
71.8%
TwinsJoe Mauer
71.8%
AstrosRoy Oswalt
71.8%
PhilliesCarlos Ruiz
71.4%
OriolesMatt Wieters
69.5%
DiamondbacksBrandon Webb
68.3%
Team Player % Correct
RoyalsJoakim Soria
67.2%
White SoxJake Peavy
67.2%
TwinsJoe Nathan
66%
RaysDioner Navarro
64.1%
White SoxBobby Jenks
63.7%
CubsGeovany Soto
63.3%
RedsAaron Harang
62.2%
RockiesUbaldo Jimenez
59.5%
OriolesKevin Millwood
58.3%
BrewersTrevor Hoffman
58.3%
White SoxA.J. Pierzynski
57.5%
AngelsJared Weaver
57.1%
GiantsBrian Wilson
57.1%
RaysRafael Soriano
55.6%
DodgersChad Billingsley
55.6%
DodgersJonathan Broxton
55.2%
BrewersYovani Gallardo
54.8%
RedsFrancisco Cordero
54.8%
MarlinsJohn Baker
54.1%
TwinsScott Baker
54.1%
AngelsBrian Fuentes
53.3%
TigersJose Valverde
52.5%
AngelsMike Napoli
51.7%
AthleticsKurt Suzuki
51.4%
BravesBilly Wagner
51%
PadresHeath Bell
51%
CardinalsRyan Franklin
50.6%
RockiesHuston Street
50.6%
CubsCarlos Marmol
50.2%
AthleticsBen Sheets
49.8%
Team Player % Correct
BravesJair Jurrjens
49.4%
AthleticsAndrew Bailey
48.3%
IndiansKerry Wood
47.1%
RangersJ. Saltalamacchia
46.7%
PadresChris Young
45.6%
Blue JaysJohn Buck
44.4%
NationalsMatt Capps
43.2%
Blue JaysRicky Romero
42.5%
IndiansJake Westbrook
41.7%
OriolesMike Gonzalez
40.5%
RoyalsJason Kendall
40.5%
RangersScott Feldman
39.8%
PiratesRyan Doumit
38.2%
DiamondbacksMiguel Montero
37.8%
PiratesPaul Maholm
36.3%
MarinersDavid Aardsma
35.5%
RangersFrank Francisco
34.7%
AstrosMatt Lindstrom
33.6%
RockiesChris Iannetta
33.6%
MarlinsLeo Nunez
32%
TigersGerald Laird
32%
BrewersGreg Zaun
30.5%
NationalsJason Marquis
29.3%
DiamondbacksChad Qualls
28.6%
Blue JaysJason Frasor
25.1%
MetsOmir Santos
23.9%
AstrosJ.R. Towles
22.4%
PiratesOctavio Dotel
22.4%
PadresNick Hundley
18.5%
IndiansLou Marson
13.9%

You're not logged in!

Compare scores with friends on all Sporcle quizzes.
OR
Log In

You Might Also Like...

Show Comments

Extras

Top Quizzes Today


Score Distribution

Your Account Isn't Verified!

In order to create a playlist on Sporcle, you need to verify the email address you used during registration. Go to your Sporcle Settings to finish the process.

Report this User

Report this user for behavior that violates our Community Guidelines.

Details: